000 00738nam a2200229 a 4500
001 BRCA_488
005 20190320203031.0
008 121005s1982----gw-a---###---#000-0#spa-d
050 4 _aNE654.D9
_b.U45 1982
100 1 _aUllmann, Ernst
_91685
245 1 0 _aAlberto Durero
_cErnst Ullmann ; traducción Abelardo Piñeiro.
260 _aCuba
_bGente Nueva
_c1982
300 _a71 p.
_bil.
_c22 cm.
500 _aOrden de fotografías al final del texto
500 _aTraducción de : Albrech Dürer
504 _aBibliografía: p. [72]
600 1 4 _aDurero, Alberto
_d1471-1528
_xvida y obra
_91686
650 1 4 _aGrabados
_ySiglo XV-XVI
_zAlemania
_91687
653 0 _aGrabado alemán
700 1 _aPiñeiro, Abelardo
_91688
942 _2lcc
_cB
999 _c422
_d422